Теоретические основы выделения растворённых в воде веществ собционными и экстрасорбционными методами; Энергетика: экология, надежность, безопасность
| Parent link: | Энергетика: экология, надежность, безопасность.— 2005.— С. 380. |
|---|---|
| Altres autors: | , , , |
| Idioma: | rus |
| Publicat: |
2005
|
| Matèries: | |
| Format: | MixedMaterials Capítol de llibre |
| KOHA link: | https://koha.lib.tpu.ru/cgi-bin/koha/opac-detail.pl?biblionumber=92635 |
MARC
| LEADER | 00000naa2a2200000 4500 | ||
|---|---|---|---|
| 001 | 92635 | ||
| 005 | 20231031104752.0 | ||
| 035 | |a (RuTPU)RU\TPU\book\99240 | ||
| 090 | |a 92635 | ||
| 100 | |a 20060316d2005 k y0rusy50 ca | ||
| 101 | 0 | |a rus | |
| 102 | |a RU | ||
| 200 | 1 | |a Теоретические основы выделения растворённых в воде веществ собционными и экстрасорбционными методами |f Т. Н. Гузеева [и др.] | |
| 320 | |a Библиогр.: 1 назв. | ||
| 463 | 0 | |0 (RuTPU)RU\TPU\book\95229 |t Энергетика: экология, надежность, безопасность |o материалы докладов одиннадцатой Всероссийской научно-технической конференции, Томск, 7-9 декабря 2005 г. |f Томский политехнический университет; Российский фонд фундаментальных исследований; Международная энергетическая академия; Международная академия наук экологии и безопасности жизнедеятельности; Энергетика: экология, надежность, безопасность, Всероссийская научно-техническая конференция |v С. 380. |d 2005 |p 542 с. | |
| 610 | 1 | |a сорбционные методы | |
| 610 | 1 | |a экстракционные методы | |
| 610 | 1 | |a растворы | |
| 610 | 1 | |a выделение веществ | |
| 610 | 1 | |a водные растворы | |
| 610 | 1 | |a труды учёных ТПУ | |
| 701 | 1 | |a Гузеева |b Т. Н. | |
| 701 | 1 | |a Макаров |b Ф. В. | |
| 701 | 1 | |a Фаустова |b И. Л. | |
| 701 | 1 | |a Гузеев |b В. В. | |
| 801 | 1 | |a RU |b 63413507 |c 20060316 |g PSBO | |
| 942 | |c BK | ||